000 00690nam a2200229 a 4500
001 53994
003 BD-RjUL
005 20211209080045.0
008 161031m1958 nju||||| b||| 001 0 eng d
035 _a(BD-RjUL)54116
040 _aBD-RjUL
_beng
_cBD-RjUL
041 _aeng
082 _223
_a658.114
_bOWB 1958
100 _aOwens, Richard Norman
_9161240
245 _aBusiness organization and combination /
_cRichard Norman Owens
250 _a4th, ed.
260 _aNew Jersey :
_bPrintice-Hall,
_cc1951 [Printing 1958,1960]
300 _axiv, 562 p. ;
_c20 cm.
504 _aIncludes bibliography and index
650 _aCorporations
_zUnited States.
_9142904
942 _2ddc
_cBK
999 _c53994
_d53994